[Event "13sen.WMH 2003 Senioren"]
[Site "Bad Zwischenahn(17.11.-29.11.2003)"]
[Date "2003.11.29"]
[Round "7"]
[White "Helmsen, Franz"]
[Black "Szymaniak, Horst"]
[Result "0-1"]
[WhiteElo "1958"]
[BlackElo "2007"]
[PlyCount "62"]


1. e4 e5 2. Nf3 Nc6 3. Bb5 a6 4. Ba4 Nf6 5. Qe2 b5 6. Bb3 Bc5 7. a4 b4 8. Bxf7+
Kxf7 9. Qc4+ Ke8 10. Qxc5 Nxe4 11. Qe3 Nf6 12. Nxe5 Nxe5 13. Qxe5+ Kf7 14. O-O
Re8 15. Qf4 Re4 16. Qf3 d5 17. h3 g5 18. d3 g4 19. hxg4 Bxg4 20. Qg3 Re2 21.
Bg5 Qd7 22. Qf4 Qf5 23. Qxf5 Bxf5 24. Bd2 Rae8 25. Bxb4 Rxc2 26. Bc3 Bxd3 27.
Na3 Rxc3 28. bxc3 Bxf1 29. Kxf1 Ne4 30. Nb1 Rb8 31. f3 Rxb1+ 0-1

[Event "13sen.WMH 2003 Senioren"]
[Site "Bad Zwischenahn(17.11.-29.11.2003)"]
[Date "2003.11.29"]
[Round "7"]
[White "Hippler, Hans-Werner"]
[Black "Miessner, Rolf"]
[Result "1/2-1/2"]
[WhiteElo "1456"]
[BlackElo "1616"]
[PlyCount "89"]


1. e4 d5 2. exd5 Qxd5 3. Nc3 Qa5 4. h3 Bf5 5. d3 e6 6. a3 c6 7. Nf3 Nd7 8. Be2
h6 9. O-O Ngf6 10. Be3 Bd6 11. Qd2 Qc7 12. Rad1 Rd8 13. Kh1 Nb6 14. b4 Nbd5 15.
Nh4 Nxe3 16. fxe3 Bh7 17. Nf3 O-O 18. Nb1 c5 19. b5 b6 20. c4 Be7 21. Nc3 Rd7
22. Qe1 Rfd8 23. Qf2 Bd6 24. e4 Bg3 25. Qe3 Bf4 26. Qf2 Be5 27. Nxe5 Qxe5 28.
Nb1 Nh5 29. Bxh5 Qxh5 30. Qf3 Qe5 31. g4 Rf8 32. h4 f5 33. g5 Rdf7 34. gxh6 g6
35. exf5 Rxf5 36. Qg2 Rxf1+ 37. Rxf1 Rxf1+ 38. Qxf1 Qh5 39. Nd2 Qxh4+ 40. Kg1
Qxh6 41. Ne4 Qe3+ 42. Kh2 Qh6+ 43. Kg1 Qe3+ 44. Kh2 Qh6+ 45. Kg1 1/2-1/2

[Event "13sen.WMH 2003 Senioren"]
[Site "Bad Zwischenahn(17.11.-29.11.2003)"]
[Date "2003.11.29"]
[Round "7"]
[White "Hobusch, Werner"]
[Black "Trifunovic, Dusan"]
[Result "1/2-1/2"]
[WhiteElo "1999"]
[BlackElo "1869"]
[PlyCount "61"]


1. e4 e5 2. Nf3 Nc6 3. Bb5 Nd4 4. Nxd4 exd4 5. d3 Bc5 6. O-O Ne7 7. Bg5 O-O 8.
f4 f6 9. Bh4 c6 10. Bc4+ d5 11. Bb3 Kh8 12. Kh1 a5 13. a4 dxe4 14. dxe4 b6 15.
Qd3 Ng6 16. Bg3 Re8 17. Nd2 Bf8 18. Bc4 c5 19. Rae1 Bd7 20. b3 Bd6 21. Qf3 Qc7
22. h4 Qc8 23. Qf2 Nf8 24. Bd5 Bc6 25. Nc4 Qc7 26. Nxd6 Qxd6 27. f5 Qd7 28.
Bxc6 Qxc6 29. e5 fxe5 30. Bxe5 Nd7 31. Bf4 1/2-1/2

[Event "13sen.WMH 2003 Senioren"]
[Site "Bad Zwischenahn(17.11.-29.11.2003)"]
[Date "2003.11.29"]
[Round "7"]
[White "Iken, Meindert"]
[Black "Fiedler, Eduard"]
[Result "0-1"]
[WhiteElo "1476"]
[BlackElo "1734"]
[PlyCount "66"]


1. e4 e6 2. d4 d5 3. e5 c5 4. c3 Nc6 5. Nf3 h6 6. h3 Qb6 7. Na3 Bd7 8. Bb5 cxd4
9. cxd4 Bxa3 10. Bxc6 Bb4+ 11. Bd2 Bxc6 12. O-O Bxd2 13. Qxd2 Ne7 14. b3 O-O
15. Nh2 Nf5 16. Rad1 a5 17. g4 Nh4 18. g5 Kh7 19. Qf4 Nf5 20. Kh1 a4 21. Rg1 h5
22. Nf3 g6 23. Nh2 axb3 24. Ng4 Kg7 25. Nf6 Rh8 26. axb3 Qxb3 27. Kh2 Ra4 28.
Rb1 Qc3 29. Rbd1 Rxd4 30. Rxd4 Qxd4 31. Qxd4 Nxd4 32. Ra1 Nf3+ 33. Kg3 Nxe5 0-1

[Event "13sen.WMH 2003 Senioren"]
[Site "Bad Zwischenahn(17.11.-29.11.2003)"]
[Date "2003.11.29"]
[Round "7"]
[White "Jahr, Dieter,Dr."]
[Black "Dziura, Dieter"]
[Result "1-0"]
[WhiteElo "1895"]
[BlackElo "1800"]
[PlyCount "71"]


1. c4 Nf6 2. Nc3 e6 3. e4 d6 4. d4 Be7 5. Bd3 c6 6. f4 e5 7. fxe5 dxe5 8. d5
Nbd7 9. Nf3 Qc7 10. O-O Nf8 11. a3 a5 12. Qe2 Ng6 13. h3 Bc5+ 14. Be3 Qb6 15.
Bxc5 Qxc5+ 16. Qf2 Qxf2+ 17. Rxf2 O-O 18. Rd1 Bd7 19. Rfd2 Rfe8 20. Bc2 Nh5 21.
Na4 cxd5 22. Nb6 Bxh3 23. Nxa8 Rxa8 24. gxh3 d4 25. Kh2 Nhf4 26. Nxd4 exd4 27.
Rxd4 Ne6 28. Rd7 Ne5 29. Rxb7 Nxc4 30. Bb3 Ne5 31. Bxe6 fxe6 32. Re7 Rc8 33.
Rxe6 Nf3+ 34. Kg3 Ng5 35. Re7 Rc4 36. Rd8# 1-0

[Event "13sen.WMH 2003 Senioren"]
[Site "Bad Zwischenahn(17.11.-29.11.2003)"]
[Date "2003.11.29"]
[Round "7"]
[White "Jakobsen, Henning"]
[Black "Hirsch, Adolf,jr.[40AUT]"]
[Result "0-1"]
[WhiteElo "1634"]
[BlackElo "2042"]
[PlyCount "54"]


1. f4 d5 2. Nf3 Nf6 3. e3 Bg4 4. h3 Bxf3 5. Qxf3 Nbd7 6. b3 e5 7. Be2 exf4 8.
exf4 Ne4 9. O-O Qf6 10. c3 Bc5+ 11. Kh2 O-O-O 12. Bb2 c6 13. d3 Nd6 14. d4 Bb6
15. b4 Rde8 16. Nd2 Nf5 17. Rfe1 Bc7 18. Nf1 g5 19. Bd3 Nh4 20. Qh5 Bxf4+ 21.
Kh1 Nf5 22. Rxe8+ Rxe8 23. Qxh7 Nd6 24. Qh5 Ne4 25. Qf3 Bd6 26. Qxf6 Ndxf6 27.
g4 Nf2+ 0-1

[Event "13sen.WMH 2003 Senioren"]
[Site "Bad Zwischenahn(17.11.-29.11.2003)"]
[Date "2003.11.29"]
[Round "7"]
[White "Johannsen, Ingbert"]
[Black "Plassmann, Florenz"]
[Result "1-0"]
[WhiteElo "1957"]
[BlackElo "1862"]
[PlyCount "59"]


1. e4 e5 2. Nf3 Nc6 3. Bb5 Nf6 4. O-O Nxe4 5. Re1 Nd6 6. Nxe5 Be7 7. Ba4 Nxe5
8. Rxe5 O-O 9. d4 Bf6 10. Re1 Re8 11. c3 b5 12. Bc2 Bb7 13. Bf4 Rxe1+ 14. Qxe1
Qf8 15. Nd2 Re8 16. Qf1 Bc6 17. d5 Bxd5 18. Qd3 Be4 19. Nxe4 Nxe4 20. f3 Bg5
21. Bxg5 Nxg5 22. h4 Qc5+ 23. Kf1 Re3 24. Qxd7 Ne6 25. Bb3 g6 26. Rd1 Re5 27.
Rd4 b4 28. Rf4 Qe3 29. Qxf7+ Kh8 30. Qf6+ 1-0

[Event "13sen.WMH 2003 Senioren"]
[Site "Bad Zwischenahn(17.11.-29.11.2003)"]
[Date "2003.11.29"]
[Round "7"]
[White "Josting, Friedel"]
[Black "Springer, Artur"]
[Result "1/2-1/2"]
[WhiteElo "1866"]
[BlackElo "1832"]
[PlyCount "30"]


1. d4 Nf6 2. Bf4 d6 3. Nf3 g6 4. Nbd2 Bg7 5. e3 O-O 6. Bc4 c6 7. O-O Bg4 8. h3
Bxf3 9. Qxf3 Nbd7 10. Rad1 Qc7 11. c3 e5 12. Bg3 Rfe8 13. Rfe1 Nf8 14. dxe5
dxe5 15. Bh4 e4 1/2-1/2

[Event "13sen.WMH 2003 Senioren"]
[Site "Bad Zwischenahn(17.11.-29.11.2003)"]
[Date "2003.11.29"]
[Round "7"]
[White "Kerkhoff, Werner"]
[Black "Hesselbarth, Karlheinz"]
[Result "0-1"]
[WhiteElo "1691"]
[BlackElo "1720"]
[PlyCount "118"]


1. c4 e6 2. g3 d5 3. Bg2 Nf6 4. Nf3 c5 5. cxd5 exd5 6. O-O Nc6 7. d4 Be6 8.
dxc5 Bxc5 9. Bg5 h6 10. Bf4 O-O 11. Nc3 Rc8 12. e3 Re8 13. h4 Bg4 14. Qd2 Re7
15. Na4 Bb4 16. Qd3 Qa5 17. Nc3 Rd7 18. a3 Bxc3 19. bxc3 Ne4 20. Rfc1 Nc5 21.
Qb1 Qa4 22. Qc2 Qxc2 23. Rxc2 Bf5 24. Rca2 Na4 25. Rc1 Na5 26. Nd4 Be6 27. Nxe6
fxe6 28. Be5 Nc4 29. f4 Nxe5 30. fxe5 Rxc3 31. Rxc3 Nxc3 32. Rc2 Na4 33. Bf1 a6
34. Rc8+ Kf7 35. h5 Nb6 36. Rb8 Nc4 37. Bxc4 dxc4 38. Rc8 b5 39. Rc6 Ra7 40.
Rc5 Rb7 41. Kf2 a5 42. Ke2 Ke7 43. Kd2 Rd7+ 44. Ke2 Rd5 45. Rc7+ Kf8 46. Rc8+
Kf7 47. Rc7+ Kg8 48. a4 bxa4 49. Rxc4 a3 50. Ra4 Rxe5 51. g4 Kf7 52. Kf3 Rb5
53. Rxa3 Kf6 54. Ra2 Kg5 55. Ra1 e5 56. Ra2 Kf6 57. Ra4 Ke6 58. Ke4 Rb4+ 59.
Rxb4 axb4 0-1

[Event "13sen.WMH 2003 Senioren"]
[Site "Bad Zwischenahn(17.11.-29.11.2003)"]
[Date "2003.11.29"]
[Round "7"]
[White "Keze, Arnis"]
[Black "Erdmann, Wolfgang"]
[Result "1-0"]
[WhiteElo "1824"]
[BlackElo "1538"]
[PlyCount "61"]


1. d4 d5 2. c4 c6 3. Nc3 e6 4. Nf3 Nf6 5. Bg5 Be7 6. e3 Nbd7 7. Rc1 h6 8. Bf4
O-O 9. cxd5 cxd5 10. Bd3 Nh5 11. Bg3 a6 12. Bb1 b5 13. a3 Bb7 14. Ne5 Nhf6 15.
Qd3 Rc8 16. Nxd7 Qxd7 17. Be5 g6 18. h4 h5 19. f3 Qd8 20. Ke2 Nd7 21. g4 Nxe5
22. dxe5 hxg4 23. h5 gxf3+ 24. Kd2 d4 25. exd4 Bg5+ 26. Ke1 f2+ 27. Ke2 f5 28.
hxg6 Kg7 29. Rh7+ Kxg6 30. Qh3 Rh8 31. Qh5# 1-0

[Event "13sen.WMH 2003 Senioren"]
[Site "Bad Zwischenahn(17.11.-29.11.2003)"]
[Date "2003.11.29"]
[Round "7"]
[White "Klopfer, Gert"]
[Black "Weller, Friedhelm"]
[Result "0-1"]
[WhiteElo "1446"]
[BlackElo "1704"]
[PlyCount "70"]


1. e4 e5 2. Bc4 Nf6 3. d3 h6 4. b3 Bc5 5. Ba3 Bxa3 6. Nxa3 c6 7. Nf3 b5 8. Nxe5
bxc4 9. Naxc4 O-O 10. Qf3 d5 11. exd5 cxd5 12. Ne3 Qa5+ 13. Ke2 Bb7 14. Qg3 Bc8
15. Rhe1 Qc3 16. Rac1 Re8 17. Kf1 Qxe5 18. f4 Qd6 19. c4 Na6 20. cxd5 Bd7 21.
Rc6 Bxc6 22. Nf5 Rxe1+ 23. Kxe1 Qb4+ 24. Kf1 g6 25. Nxh6+ Kf8 26. dxc6 Nh5 27.
Qh3 Qxf4+ 28. Qf3 Qxh6 29. c7 Nxc7 30. Qc6 Qf4+ 31. Ke1 Re8+ 32. Kd1 Qf1+ 33.
Kc2 Re2+ 34. Kc3 Qc1+ 35. Kb4 Qxc6 0-1

[Event "13sen.WMH 2003 Senioren"]
[Site "Bad Zwischenahn(17.11.-29.11.2003)"]
[Date "2003.11.29"]
[Round "7"]
[White "Krause, Armin"]
[Black "Becker, Karl-Heinz[31Köln]"]
[Result "1/2-1/2"]
[WhiteElo "1309"]
[BlackElo "1534"]
[PlyCount "131"]


1. e4 c5 2. Nc3 Nc6 3. Bc4 e6 4. Nf3 g6 5. d3 Bg7 6. Bd2 a6 7. a3 Nge7 8. Rb1
O-O 9. O-O Nd4 10. Nxd4 cxd4 11. Ne2 d5 12. exd5 exd5 13. Bb3 Nc6 14. Nf4 Be6
15. Nxe6 fxe6 16. c4 dxc3 17. Bxc3 Bxc3 18. bxc3 Qf6 19. Qd2 Rad8 20. d4 b5 21.
Rbe1 Na5 22. Bc2 Nc4 23. Qe2 Rfe8 24. a4 bxa4 25. Bxa4 Re7 26. Bb3 Rc8 27. Ra1
Rc6 28. Bxc4 Rxc4 29. Rfe1 Rc6 30. Rxa6 Rxa6 31. Qxa6 Kf7 32. Re3 Kg7 33. g3 g5
34. h3 Rf7 35. Qe2 Re7 36. Kg2 Qg6 37. Rf3 h6 38. Qe5+ Kh7 39. g4 Rf7 40. Rxf7+
Qxf7 41. Qe3 Qg6 42. Kg3 Qf6 43. Qd3+ Kg7 44. Qe3 Kg6 45. f4 gxf4+ 46. Qxf4 Qd8
47. Qe5 Qc8 48. Kh4 Qd8+ 49. Kg3 Qc8 50. Qe3 Qc7+ 51. Kf3 Qf7+ 52. Qf4 Qe7 53.
Kg3 Qa3 54. Qe3 Qd6+ 55. Kf3 Qf8+ 56. Qf4 Qa3 57. Qd2 Qa1 58. Ke3 Qg1+ 59. Qf2
Qh1 60. Kf4 Qe4+ 61. Kg3 Qd3+ 62. Qf3 Qd2 63. h4 Qe1+ 64. Kh3 Qd2 65. Kg3 Qe1+
66. Kh3 1/2-1/2

[Event "13sen.WMH 2003 Senioren"]
[Site "Bad Zwischenahn(17.11.-29.11.2003)"]
[Date "2003.11.29"]
[Round "7"]
[White "Kudoke, Willy"]
[Black "Zschorsch, Peter"]
[Result "1/2-1/2"]
[WhiteElo "1847"]
[BlackElo "1837"]
[PlyCount "34"]


1. c4 Nf6 2. Nc3 d5 3. cxd5 Nxd5 4. g3 e5 5. Bg2 c6 6. Nf3 Nxc3 7. bxc3 Bd6 8.
O-O O-O 9. d3 h6 10. Rb1 Qe7 11. Qc2 Nd7 12. h3 Nf6 13. Kh2 Re8 14. Nd2 Be6 15.
c4 Kh8 16. Qb3 Rab8 17. Qa4 a6 1/2-1/2

[Event "13sen.WMH 2003 Senioren"]
[Site "Bad Zwischenahn(17.11.-29.11.2003)"]
[Date "2003.11.29"]
[Round "7"]
[White "Kuehn, Peter[38NBrandb]"]
[Black "Schuler, Georg[29Baling]"]
[Result "1-0"]
[WhiteElo "1882"]
[BlackElo "1847"]
[PlyCount "83"]


1. e4 c5 2. Nf3 e6 3. d4 cxd4 4. Nxd4 a6 5. Bd3 Qc7 6. O-O Nc6 7. Nxc6 bxc6 8.
c4 Rb8 9. Kh1 Nf6 10. Nc3 Bd6 11. f4 e5 12. f5 Bc5 13. Na4 Bd4 14. Qe2 Bb7 15.
c5 Qa5 16. Qc2 Bc8 17. Bd2 Qd8 18. Bg5 Rb4 19. Rab1 h6 20. Bh4 Qa5 21. b3 Rb8
22. Rf3 Ng4 23. h3 Nf6 24. Bxf6 gxf6 25. Rg3 Ke7 26. Rg7 Bb7 27. b4 Qc7 28. Bc4
d5 29. cxd6+ Kxd6 30. Rxf7 Qd8 31. Nc5 Bc8 32. Qb3 Bxc5 33. bxc5+ Kxc5 34. Qxb8
Bxf5 35. Qb4+ Kd4 36. Rd1+ Kxe4 37. Rxd8 Rxd8 38. Be2+ Rd4 39. Qb1+ Kf4 40.
Qf1+ Kg5 41. Rg7+ Bg6 42. Qf3 1-0

[Event "13sen.WMH 2003 Senioren"]
[Site "Bad Zwischenahn(17.11.-29.11.2003)"]
[Date "2003.11.29"]
[Round "7"]
[White "Kuhnert, Werner"]
[Black "Wernitz, Armin"]
[Result "1/2-1/2"]
[WhiteElo "1290"]
[BlackElo "1456"]
[PlyCount "102"]


1. d4 Nf6 2. c4 e6 3. Nc3 d5 4. Nf3 c6 5. Qc2 Be7 6. e3 O-O 7. Bd3 Nbd7 8. e4
dxe4 9. Nxe4 Nxe4 10. Bxe4 Nf6 11. Bd3 h6 12. O-O b6 13. Be3 Bb7 14. c5 Qc7 15.
Qc1 bxc5 16. dxc5 e5 17. Nd2 Rad8 18. Be4 Rxd2 19. Bxd2 Nxe4 20. Be3 Qa5 21.
Re1 Bxc5 22. Bxc5 Nxc5 23. Rxe5 Qb6 24. Rxc5 Re8 25. Qc3 Qc7 26. Re1 Rd8 27.
Rce5 Qd7 28. h3 a6 29. Qc5 Qd4 30. Qxd4 Rxd4 31. Re8+ Kh7 32. Rb8 Rb4 33. b3 c5
34. Rc1 Rb5 35. Rd8 a5 36. Re8 c4 37. Rxc4 Rg5 38. g3 Rd5 39. Re1 Rd2 40. Ra4
Bc8 41. Rxa5 Bxh3 42. Kh2 Be6 43. Kg1 Rb2 44. Ra7 Rc2 45. Ra5 Rb2 46. Rc1 Rd2
47. Ra1 Rb2 48. Rb5 Bd7 49. Rb7 Be6 50. Rc7 Kg6 51. Rc5 Kh7 1/2-1/2

[Event "13sen.WMH 2003 Senioren"]
[Site "Bad Zwischenahn(17.11.-29.11.2003)"]
[Date "2003.11.29"]
[Round "7"]
[White "Kunze, Manfred"]
[Black "Gensch, Manfred"]
[Result "0-1"]
[WhiteElo "1550"]
[BlackElo "1761"]
[PlyCount "80"]


1. c4 e5 2. Nc3 Bb4 3. Qb3 Nc6 4. e3 Nf6 5. Nf3 O-O 6. a3 Bxc3 7. Qxc3 Re8 8.
b4 d6 9. Be2 Ne4 10. Qb2 Re6 11. b5 Na5 12. d3 Nc5 13. Qc3 b6 14. d4 Ncb3 15.
Rb1 Nxc1 16. Rxc1 e4 17. d5 exf3 18. Bxf3 Rh6 19. c5 Nb7 20. c6 Nc5 21. Ra1 Bf5
22. a4 Nd3+ 23. Ke2 Nc5 24. a5 Bd3+ 25. Kd2 Bxb5 26. axb6 cxb6 27. h3 Rh4 28.
g4 a5 29. Bg2 a4 30. Rhb1 Nb3+ 31. Rxb3 axb3 32. Rxa8 Qxa8 33. Qxb3 Qa5+ 34.
Kc2 Ba4 35. c7 Bxb3+ 36. Kxb3 Qb5+ 37. Ka2 Qc4+ 38. Kb1 Qxc7 39. Kb2 h5 40.
gxh5 Rb4+ 0-1

[Event "13sen.WMH 2003 Senioren"]
[Site "Bad Zwischenahn(17.11.-29.11.2003)"]
[Date "2003.11.29"]
[Round "7"]
[White "Langer, Wolfgang[39Leipz]"]
[Black "Smits, Oswald"]
[Result "1-0"]
[WhiteElo "1800"]
[BlackElo "1644"]
[PlyCount "101"]


1. d4 d5 2. Nf3 Nf6 3. Bf4 e6 4. e3 Nbd7 5. Nbd2 Be7 6. Bd3 O-O 7. c4 c6 8. Qc2
h6 9. h3 b6 10. a3 Bb7 11. Ne5 Nxe5 12. Bxe5 Nd7 13. Bg3 dxc4 14. Nxc4 c5 15.
Be4 Bxe4 16. Qxe4 Nf6 17. Qd3 Qd5 18. f3 cxd4 19. Qxd4 Qxd4 20. exd4 Nd5 21.
O-O Rac8 22. Rac1 Rfd8 23. Ne5 Ne3 24. Nc6 Rxc6 25. Rxc6 Nxf1 26. Kxf1 Rd7 27.
Ke2 Kh7 28. b4 Kg6 29. Rc7 Rxc7 30. Bxc7 b5 31. Kd3 Bg5 32. f4 Be7 33. Ke4 f5+
34. Ke5 Kf7 35. d5 Bf6+ 36. Kd6 exd5 37. Kxd5 Bb2 38. Kc6 Bxa3 39. Kxb5 Bc1 40.
Ka6 Be3 41. Bb8 Kg6 42. b5 h5 43. Bxa7 Bxf4 44. Bb6 Bg3 45. Bd8 Kf7 46. b6 Bf2
47. b7 Bg3 48. Kb6 Bf2+ 49. Kc7 Ke8 50. Kc8 Ba7 51. Bb6 1-0

[Event "13sen.WMH 2003 Senioren"]
[Site "Bad Zwischenahn(17.11.-29.11.2003)"]
[Date "2003.11.29"]
[Round "7"]
[White "Langmann, Claus"]
[Black "Ragsch, Klaus"]
[Result "0-1"]
[WhiteElo "1849"]
[BlackElo "1873"]
[PlyCount "70"]


1. e4 c5 2. Nf3 d6 3. d4 cxd4 4. Nxd4 Nf6 5. Nc3 a6 6. Bg5 e6 7. f4 Be7 8. Qf3
Qc7 9. O-O-O Nc6 10. Nxc6 bxc6 11. e5 Nd5 12. Bxe7 Qxe7 13. Ne4 dxe5 14. fxe5
O-O 15. Bd3 Rb8 16. Qh5 g6 17. Qh6 f5 18. exf6 Nxf6 19. Rhf1 Qg7 20. Nxf6+ Rxf6
21. Qxg7+ Kxg7 22. Rxf6 Kxf6 23. Be4 Bb7 24. Rd7 Ke5 25. Bf3 h5 26. Rc7 Ba8 27.
Bxc6 Kd6 28. Bxa8 Kxc7 29. Bf3 Kd6 30. c3 Ke5 31. Kc2 Kf4 32. b4 Ke3 33. a4 e5
34. Bd5 g5 35. c4 Rxb4 0-1

[Event "13sen.WMH 2003 Senioren"]
[Site "Bad Zwischenahn(17.11.-29.11.2003)"]
[Date "2003.11.29"]
[Round "7"]
[White "Lentze, Ingo,Dr."]
[Black "Bernhoeft, Erhard"]
[Result "1-0"]
[WhiteElo "2072"]
[BlackElo "1947"]
[PlyCount "109"]


1. e4 c5 2. Nf3 e6 3. d4 cxd4 4. Nxd4 Qb6 5. Nb3 Nf6 6. Bd3 d5 7. e5 Nfd7 8.
Be3 Qc7 9. f4 b6 10. O-O Ba6 11. Nc3 Bxd3 12. cxd3 a6 13. Rc1 Qb7 14. d4 g6 15.
g4 f5 16. exf6 Nxf6 17. f5 gxf5 18. gxf5 Rg8+ 19. Kh1 e5 20. Rg1 Rxg1+ 21. Qxg1
e4 22. Bg5 Nbd7 23. Qg3 Rc8 24. Rd1 Qc6 25. Nd2 Qd6 26. Nf1 Qxg3 27. hxg3 Bb4
28. Ne3 Bxc3 29. Rc1 b5 30. Nd1 Nh5 31. Kg2 Rc4 32. bxc3 Nb6 33. Ne3 Rc7 34.
Rh1 Ng7 35. Rxh7 Rf7 36. g4 a5 37. Rh8+ Kd7 38. Rb8 Kc7 39. Bf4+ Kc6 40. Rd8
Rd7 41. Rxd7 Kxd7 42. Be5 Ne8 43. g5 b4 44. cxb4 axb4 45. Nc2 Nc4 46. Kg3 Ned6
47. Bxd6 Kxd6 48. g6 Ke7 49. Kf4 Kf6 50. Nxb4 Nb6 51. a4 Nxa4 52. Nxd5+ Kg7 53.
Kg5 e3 54. f6+ Kf8 55. g7+ 1-0

[Event "13sen.WMH 2003 Senioren"]
[Site "Bad Zwischenahn(17.11.-29.11.2003)"]
[Date "2003.11.29"]
[Round "7"]
[White "Limberg, Siegfried"]
[Black "Bodenstein, Joachim"]
[Result "1-0"]
[WhiteElo "2035"]
[BlackElo "1862"]
[PlyCount "111"]


1. d4 d5 2. Nf3 Nc6 3. Bf4 Bg4 4. e3 Nf6 5. Be2 Nh5 6. Bg5 h6 7. Bh4 g5 8. Bg3
Nxg3 9. hxg3 Bg7 10. c3 e5 11. Nxe5 Bxe2 12. Qxe2 Nxe5 13. dxe5 Bxe5 14. Qb5+
Kf8 15. Qxb7 Kg7 16. Qb3 Rb8 17. Qc2 Qf6 18. Nd2 Rxb2 19. Qxb2 Bxc3 20. Qb7
Bxa1 21. O-O Bc3 22. Nb3 Rd8 23. Qxc7 a6 24. Rd1 Be5 25. Qa7 Qc6 26. Rc1 Rd7
27. Rxc6 Rxa7 28. f4 Bc7 29. Nd4 Kg8 30. Rxh6 gxf4 31. gxf4 a5 32. Rc6 Rb7 33.
Rc5 Rb1+ 34. Kf2 Bb6 35. Rb5 Rxb5 36. Nxb5 Kf8 37. Ke2 Ke7 38. g4 f6 39. Kd3
Ke6 40. a4 Ke7 41. Nc3 Ke6 42. Ne2 Bd8 43. Nd4+ Kd6 44. e4 Bb6 45. g5 fxg5 46.
e5+ Ke7 47. fxg5 Kf7 48. Nc6 Bc5 49. Nxa5 Kg6 50. Nb7 Bf2 51. e6 Bh4 52. Kd4
Bxg5 53. Kxd5 Kf6 54. Kd6 Bd2 55. Kd7 Bb4 56. Nd6 1-0

[Event "13sen.WMH 2003 Senioren"]
[Site "Bad Zwischenahn(17.11.-29.11.2003)"]
[Date "2003.11.29"]
[Round "7"]
[White "Luebbers, Doris,Dr."]
[Black "Suess, Horst"]
[Result "1-0"]
[WhiteElo "1308"]
[BlackElo "1301"]
[PlyCount "83"]


1. d4 e6 2. Nf3 d5 3. e3 Nf6 4. Bd3 c5 5. dxc5 Bxc5 6. O-O Nc6 7. b3 O-O 8. Bb2
Be7 9. Nbd2 Qc7 10. c3 Nd7 11. Rc1 Nde5 12. Nxe5 Nxe5 13. Nf3 Nxd3 14. Qxd3 Bd7
15. Rfe1 Bc6 16. Nd4 Bd6 17. g3 e5 18. Nxc6 bxc6 19. f4 e4 20. Qf1 Qd7 21. Rc2
a5 22. Bc1 Ra7 23. Ree2 Qf5 24. Qd1 Bc7 25. Kh1 Bb6 26. Bb2 a4 27. bxa4 Rxa4
28. Bc1 Rc4 29. Qe1 Qg4 30. Qf1 Qe6 31. Qe1 c5 32. Qd1 Rd8 33. Bb2 Ra8 34. Bc1
Raa4 35. Red2 d4 36. cxd4 cxd4 37. exd4 e3 38. Re2 Qe4+ 39. Kg1 h6 40. Bxe3
Rxc2 41. Qxc2 Rb4 42. Qxe4 1-0

[Event "13sen.WMH 2003 Senioren"]
[Site "Bad Zwischenahn(17.11.-29.11.2003)"]
[Date "2003.11.29"]
[Round "7"]
[White "Meinhardt, Guenther"]
[Black "Forselv, Edmund"]
[Result "1/2-1/2"]
[WhiteElo "1737"]
[BlackElo "1840"]
[PlyCount "23"]


1. Nf3 Nf6 2. c4 g6 3. Nc3 Bg7 4. d4 d5 5. e3 O-O 6. Qb3 c6 7. Be2 b6 8. cxd5
Nxd5 9. Nxd5 cxd5 10. O-O Ba6 11. Re1 Bxe2 12. Rxe2 1/2-1/2

[Event "13sen.WMH 2003 Senioren"]
[Site "Bad Zwischenahn(17.11.-29.11.2003)"]
[Date "2003.11.29"]
[Round "7"]
[White "Merettig, Georg"]
[Black "Fritsch, Juergen,Dr."]
[Result "1-0"]
[WhiteElo "1816"]
[BlackElo "1851"]
[PlyCount "87"]


1. Nf3 d5 2. g3 Bf5 3. Bg2 e6 4. O-O Nf6 5. c4 c6 6. cxd5 exd5 7. d4 Nbd7 8. b3
Bxb1 9. Rxb1 Bd6 10. Bb2 O-O 11. Ne5 Re8 12. f4 Qa5 13. Qc2 Re7 14. g4 Bxe5 15.
dxe5 Nxg4 16. Qd3 Qb6+ 17. Bd4 c5 18. Bc3 d4 19. Bd2 a5 20. Qf3 Nh6 21. Qxb7
Qxb7 22. Bxb7 Ra7 23. Be4 f5 24. Bd3 g6 25. Rbc1 Ng4 26. Bb5 Ne3 27. Rf3 Nxe5
28. fxe5 Rxe5 29. Bxe3 dxe3 30. Rd1 g5 31. Rd8+ Kg7 32. Bd3 Rf7 33. Bc4 g4 34.
Rf1 Rf6 35. Rfd1 f4 36. R1d7+ Kh6 37. Bd3 f3 38. Rxh7+ Kg5 39. Rg7+ Kf4 40.
Rdg8 f2+ 41. Kf1 Rh5 42. Rxg4+ Ke5 43. h4 Rfh6 44. Re8+ 1-0

[Event "13sen.WMH 2003 Senioren"]
[Site "Bad Zwischenahn(17.11.-29.11.2003)"]
[Date "2003.11.29"]
[Round "7"]
[White "Michaelis, Ernst"]
[Black "Heimberg, Guenter"]
[Result "1-0"]
[WhiteElo "1820"]
[BlackElo "1667"]
[PlyCount "78"]


1. e4 e6 2. d4 d5 3. e5 c5 4. c3 cxd4 5. cxd4 Bb4+ 6. Nc3 Ne7 7. a3 Bxc3+ 8.
bxc3 Bd7 9. Nf3 Qa5 10. Bd2 Qa4 11. Qb1 Qc6 12. Bd3 Qc7 13. O-O Nbc6 14. Rc1
Rb8 15. Ng5 h6 16. Nh3 Qd8 17. Qc2 Rc8 18. Qd1 Ng6 19. g3 Nce7 20. Nf4 O-O 21.
Nxg6 fxg6 22. Qg4 Qe8 23. Qh3 Kh7 24. f4 Kg8 25. g4 h5 26. gxh5 gxh5 27. Be2 g6
28. Kh1 Rf7 29. Rg1 Rg7 30. Rg5 Rh7 31. Rag1 Kh8 32. Bd3 Rg7 33. Bxg6 Nxg6 34.
Qxh5+ Rh7 35. Qg4 Ne7 36. Rg3 Nf5 37. Rh3 Nh6 38. Qh4 Bb5 39. Qxh6 Rcc7 1-0

[Event "13sen.WMH 2003 Senioren"]
[Site "Bad Zwischenahn(17.11.-29.11.2003)"]
[Date "2003.11.29"]
[Round "7"]
[White "Mueller, Helmut[30Lüneb]"]
[Black "Moeckel, Edgar,Dr."]
[Result "1-0"]
[WhiteElo "1694"]
[BlackElo "1805"]
[PlyCount "131"]


1. e4 c6 2. d4 d5 3. Nd2 dxe4 4. Nxe4 Bf5 5. Ng3 Bg6 6. Nf3 e6 7. Bd3 Bxd3 8.
Qxd3 Nf6 9. Bg5 Be7 10. O-O Nbd7 11. c4 O-O 12. Rad1 Qc7 13. Rfe1 Rfe8 14. h3
Rad8 15. Qc3 h6 16. Be3 Bd6 17. Nf1 Ne4 18. Qc2 Ndf6 19. N3d2 Nxd2 20. Bxd2 b5
21. b3 a5 22. Be3 Rc8 23. Qc1 b4 24. Qc2 Red8 25. Bc1 Bf4 26. Bb2 Bg5 27. g3
Nd7 28. f4 Bf6 29. Nd2 c5 30. Nf3 Nb8 31. Qf2 Qa7 32. Kh2 Nc6 33. dxc5 Bxb2 34.
Qxb2 Qxc5 35. Qe2 Qb6 36. Rxd8+ Rxd8 37. Qe3 Qxe3 38. Rxe3 Rd1 39. Re2 Kf8 40.
Kg2 g6 41. Rc2 Ke7 42. Kf2 h5 43. Ke2 Rd7 44. Ke3 Rd1 45. Rd2 Rxd2 46. Nxd2 f5
47. Nf3 Kd6 48. h4 Kc5 49. Ne5 Ne7 50. Kd3 Kd6 51. Kd4 Nc6+ 52. Nxc6 Kxc6 53.
Ke5 Kc5 54. Kxe6 Kd4 55. Kd6 Kc3 56. c5 Kb2 57. c6 Kxa2 58. c7 Kxb3 59. c8=Q a4
60. Qe6+ Kb2 61. Qe2+ Ka3 62. Kc5 b3 63. Qd3 Ka2 64. Kb4 b2 65. Qa3+ Kb1 66.
Kc3 1-0

[Event "13sen.WMH 2003 Senioren"]
[Site "Bad Zwischenahn(17.11.-29.11.2003)"]
[Date "2003.11.29"]
[Round "7"]
[White "Neumann, Horst[38Koblenz]"]
[Black "Ofstad, Per"]
[Result "0-1"]
[WhiteElo "1864"]
[BlackElo "2180"]
[PlyCount "42"]


1. d4 d5 2. Nf3 Nf6 3. Bg5 c6 4. c3 g6 5. Nbd2 Bg7 6. e3 Nbd7 7. Bd3 O-O 8. O-O
Re8 9. Re1 h6 10. Bh4 g5 11. Bg3 Nh5 12. Nxg5 Nxg3 13. Nxf7 Kxf7 14. fxg3 e5
15. Qh5+ Kg8 16. Bg6 Rf8 17. Rf1 Qe7 18. Rxf8+ Nxf8 19. Rf1 Nxg6 20. Qxg6 exd4
21. Rf7 Qxf7 0-1

[Event "13sen.WMH 2003 Senioren"]
[Site "Bad Zwischenahn(17.11.-29.11.2003)"]
[Date "2003.11.29"]
[Round "7"]
[White "Niebaum, Karl"]
[Black "Molez, Karl"]
[Result "1/2-1/2"]
[WhiteElo "1798"]
[BlackElo "1885"]
[PlyCount "79"]


1. d4 Nf6 2. Bg5 d5 3. Bxf6 exf6 4. Nf3 Bd6 5. e3 O-O 6. c4 dxc4 7. Bxc4 Bg4 8.
O-O Nd7 9. Nc3 c6 10. Ne4 Bc7 11. h3 Bh5 12. Bd3 Nb6 13. Nc3 Qd7 14. Be2 Rad8
15. Nh4 Bxe2 16. Qxe2 Rfe8 17. Rfd1 Nd5 18. Qf3 Qe6 19. Nf5 g6 20. Ng3 f5 21.
Nge2 g5 22. Nxd5 Rxd5 23. Nc3 Rdd8 24. d5 cxd5 25. Rxd5 Rxd5 26. Qxd5 Rd8 27.
Qxb7 Qe5 28. Rd1 Rb8 29. Qd5 Rxb2 30. Qxe5 Bxe5 31. Nd5 Kf8 32. f4 gxf4 33.
exf4 Bb8 34. a3 Rb3 35. a4 Ra3 36. Rc1 Kg7 37. Rc4 Ra2 38. Ne7 Kf6 39. Nc6 Bc7
40. Kh2 1/2-1/2